El embarazo adolescente en un contexto de alta inmigración /

Tallennettuna:
Bibliografiset tiedot
Päätekijä: Palma Cabrera, Yolanda
Aineistotyyppi: Kirja
Kieli:Spanish
Tagit: Lisää tagi
Ei tageja, Lisää ensimmäinen tagi!

MARC

LEADER 00000nam a22000007a 4500
003 cru CIDCACS/IIS
005 20170823142733.0
007 ta
008 170823t2016 cl |||p|r|||| 00| 0 spa d
999 |c 40301  |d 40301 
040 |c cru CIDCACS/IIS 
100 1 |9 5324  |a Palma Cabrera, Yolanda 
245 1 3 |a El embarazo adolescente en un contexto de alta inmigración /  |c Yolanda Palma Cabrera 
300 |a páginas 9-27  |b tablas 
773 0 |0 40300  |9 1150  |a Centro Latinoamericano y Caribeño de Demografía (CELADE)-División de la CEPAL  |d Santiago, Chile: CELADE -CEPAL,  |o 18262  |t Notas de Población /  |x 9789211219319 
942 |2 ddc  |c PP